000 00309nam a22001337a 4500
008 170414b xxu||||| |||| 00| 0 eng d
020 _a9780781717816
041 _aeng
080 _a618
100 _a10
101 _aSHM
245 _aPEDIATRIC AND ADOLESCENT GYNECOLOGY
_cKORHLER.S.E
942 _2udc
_cBK
999 _c10866
_d10866